000 00538nam a2200169Ia 4500
003 OSt
005 20200915112157.0
008 190216s9999||||xx |||||||||||||| ||und||
040 _coclc
082 _a492.7
_bHAM/A
100 _aHameed, V P Abdul
_94572
245 0 _aArabic For Various Situations:
_bA Practical Guide To Communicative Arabic /
_cV P Abdul Hameed ; N K Abdul Haleem
260 _bAl Huda Book Stall,
_aCalicutL
300 _a285p
650 _aArabic
942 _cBK
_2ddc
_h492.7
_iHAM/A
_k492.7
_mHAM/A
999 _c623
_d623